| 000 | 00715nam a22002057a 4500 | ||
|---|---|---|---|
| 999 |
_c17028 _d17028 |
||
| 003 | AR-CdUCM | ||
| 008 | 190507b ||||| |||| 00| 0 spa d | ||
| 020 | _a84-02-03967-7 | ||
| 040 |
_aMUNICIPALIDAD PROVINCIAL DEL CUSCO _cBIBLIOTECA MUNICIPAL DEL CUSCO |
||
| 082 |
_a848.9 / _bG84 |
||
| 100 |
_aGuarner, Luis _936842 |
||
| 245 | _aLos mejores poetas franceses / | ||
| 260 |
_aBarcelona : _bBruguera, _c1974. |
||
| 300 |
_a316 páginas ; _c18 cm. |
||
| 505 | _aContenido: Las rosas de la vida -- Los fáciles versos difíciles -- La perfección de las formas -- Las tempestades del alma... | ||
| 650 |
_aLiteratura francesa _9913 |
||
| 650 |
_aSiglo XX. _98 |
||
| 942 |
_2ddc _cLIBROS |
||
| 945 |
_aacv _d2019-05-07 |
||